A Constituição (Registo nº 906)

Detalhes MARC
000 -Etiqueta do registo
Cabeçalho 00818nam a2200301 4500
005 - Identificador da versão
Campo de controlo 20240813121818.0
010 ## - Número internacional normalizado dos livros (ISBN)
Número (ISBN) 9789725564295
021 ## - Número do Depósito Legal
Código do país PT
Número 242597/06
035 ## - Other System Control Numbers
System Control Number 0000968
System Control Number 0000953
100 ## - Dados gerais de processamento
Dados gerais de processamento 20090116d2007 em a0pory5003 ba
102 ## - Pais de publicação ou produção
País de publicação Portugal
101 0# - Língua de publicação
Língua do texto, banda sonora, etc. Português
106 ## - Campo de dados codificados: material textual
Dados codificados do material textual r
105 ## - Campo de dados codificados: livros
Dados codificados dos livros a z 000yy
215 ## - Descrição física 
Indicação específica da natureza do documento e extensão da espécie 27, [1] p.
Outras indicações físicas il.
Dimensões 22 cm
200 1# - Titulo e menção de responsabilidade
Título próprio A Constituição
Primeira menção de responsabilidade textos e jogos Manuela Ferrão, Teresa Fonseca
225 2# - Colecção 
Título próprio da colecção Parlamento jovem
Indicação de volume 2
210 ## - Publicação, Distribuição, etc. 
Lugar da edição, distribuição, etc. Lisboa
Nome do editor, distribuidor, etc. Assembleia da República
Data da publicação, distribuição, etc. cop. 2006
675 ## - Classificação Decimal Universal (CDU)
Notação 087.5
Edição BN
Língua da edição por
Notação 342.4(469)(091)
Edição BN
Língua da edição por
701 #1 - Nome de autor-pessoa física (co-responsabilidade principal)
Palavra de ordem Fonseca
Outra parte do nome não tomada para palavra de ordem Teresa
Datas 1950-
Código de função Autor / Co-autor
700 #1 - Nome de autor-pessoa física (responsabilidade principal)
Número de registo de entrada de autoridade 0001182
Palavra de ordem Ferrão
Outra parte do nome não tomada para palavra de ordem Manuela
942 ## - Elementos de entrada adicionados (Koha)
Tipo de item no Koha Livro
Exemplares
Situação do levantamento Origin of item (home branch) (coded) Biblioteca de empréstimo Código de barras Cota Circulation type (not for loan) Tipo de documento Nota do exemplar Damaged status
  Biblioteca Escolar Eng. Nuno Mergulhão Biblioteca Escolar Eng. Nuno Mergulhão BENM1634 342 FER   Livro Sem mensagem